000 00808nam a2200253Ia 4500
003 OSt
005 20220923222955.0
006 a|||||r|||| 00| 0
007 ta
008 220922b |||||||| |||| 00| 0 hin d
024 _a209,396
037 _cTextual
040 _aARTS
_cARTS
_bhin
041 _2hin
_ahin
082 _aO152,3N493,SS, M3
100 _aअब्दुल, बिस्मिल्लाह
245 0 _aसमर शेष है
246 _aSamar sheṣh hai
260 _aदिल्ली
_b वाणी प्रका0
_c1983
300 _a187पृ.
_ccm.
650 _aहिन्दी साहित्य
_9156264
942 _hO152,3N493,SS, M3
_cTEXL
_2CC
999 _c359969
_d359969